Cándido ; Micromegas ; Zadig / (Record no. 141569)

MARC details
000 -LEADER
campo de control de longitud fija 00707nam a2200229 i 4500
001 - NÚMERO DE CONTROL
campo de control 141569
003 - IDENTIFICADOR DE NÚMERO DE CONTROL
campo de control ES-MaACL
005 - FECHA Y HORA DE LA ÚLTIMA TRANSACCIÓN
campo de control 20250716063307.0
007 - CAMPO FIJO DE DESCRIPCIÓN FÍSICA--INFORMACIÓN GENERAL
campo de control de longitud fija t|
008 - DATOS DE LONGITUD FIJA--INFORMACIÓN GENERAL
campo de control de longitud fija 070925s1985 sp ||||1| spa d
100 0# - ENTRADA PRINCIPAL--NOMBRE DE PERSONA
Nombre de persona Voltaire,
Fechas asociadas al nombre 1694-1778
9 (RLIN) 115721
245 10 - MENCIÓN DEL TÍTULO
Título Cándido ; Micromegas ; Zadig /
Mención de responsabilidad, etc. Voltaire ; edición de Elena Diego ; traducción de Elena Diego.
260 ## - PUBLICACIÓN, DISTRIBUCIÓN, ETC.
Lugar de publicación, distribución, etc. Madrid :
Nombre del editor, distribuidor, etc. Cátedra,
Fecha de publicación, distribución, etc. [1985]
300 ## - DESCRIPCIÓN FÍSICA
Extensión 285 p. :
Otras características físicas il. ;
Dimensiones 18 cm.
490 1# - MENCIÓN DE SERIE
Mención de serie Letras universales ;
Designación de volumen o secuencia 31
700 1# - ENTRADA AGREGADA--NOMBRE PERSONAL
Nombre de persona Diego, Elena.
9 (RLIN) 44538
740 0# - ENTRADA AGREGADA--TÍTULO RELACIONADO/ANALÍTICO NO CONTROLADO
Título relacionado o analítico no controlado Micromegas.
740 0# - ENTRADA AGREGADA--TÍTULO RELACIONADO/ANALÍTICO NO CONTROLADO
Título relacionado o analítico no controlado Zadig.
830 0# - PUNTO DE ACCESO ADICIONAL DE SERIE-TÍTULO UNIFORME
Título uniforme Letras universales ;
Designación de volumen o secuencia 31
9 (RLIN) 178013
852 ## - LOCALIZACIÓN
Ubicación ES-MaACL
Número de control de estantería L-9548
Sublocalización o colección R.110355
Holdings
Estatus retirado Estado de pérdida Estado de daño No para préstamo Biblioteca de origen Biblioteca actual Ubicación en estantería Fecha de adquisición Fuente de adquisición Total de préstamos Signatura topográfica completa Código de barras Visto por última vez Precio de reemplazo Tipo de ítem Koha
        Biblioteca del Ateneo de Madrid Biblioteca del Ateneo de Madrid Depósito 2 17/01/2008     L-9548 1147306 23/02/2023 23/02/2023 Libro impreso